|
|
|
|
| LEADER |
00000naa2a2200000 4500 |
| 001 |
624462 |
| 005 |
20231101133320.0 |
| 035 |
|
|
|a (RuTPU)RU\TPU\conf\23722
|
| 035 |
|
|
|a RU\TPU\conf\23720
|
| 090 |
|
|
|a 624462
|
| 100 |
|
|
|a 20171122d2017 k y0rusy50 ca
|
| 101 |
0 |
|
|a rus
|
| 102 |
|
|
|a RU
|
| 105 |
|
|
|a y z 100zy
|
| 135 |
|
|
|a drcn ---uucaa
|
| 181 |
|
0 |
|a i
|
| 182 |
|
0 |
|a b
|
| 200 |
1 |
|
|a Минералогические особенности грунтов и состава обменных катионов земляного полотна автомобильных дорог Западной Сибири
|f С. В. Ефименко, В. С. Чурилин, М. В. Бадина
|g науч. рук. В. Н. Ефименко
|
| 203 |
|
|
|a Текст
|c электронный
|
| 225 |
1 |
|
|a Минералогия, геохимия и петрография
|
| 230 |
|
|
|a 1 компьютерный файл (pdf; 462 Kb)
|
| 300 |
|
|
|a Заглавие с экрана
|
| 320 |
|
|
|a [Библиогр.: с. 101 (12 назв.]
|
| 461 |
|
1 |
|0 (RuTPU)RU\TPU\conf\21932
|t Проблемы геологии и освоения недр
|o труды XXI Международного симпозиума имени академика М. А. Усова студентов и молодых ученых, посвященного 130-летию со дня рождения профессора М. И. Кучина, Томск, 3-7 апреля 2017 г.
|o в 2 т.
|f Национальный исследовательский Томский политехнический университет (ТПУ), Институт природных ресурсов (ИПР) ; под ред. А. С. Боева
|d 2017
|
| 463 |
|
1 |
|0 (RuTPU)RU\TPU\conf\21936
|t Т. 1
|v [С. 100-101]
|d 2017
|
| 610 |
1 |
|
|a электронный ресурс
|
| 610 |
1 |
|
|a минералогические особенности
|
| 610 |
1 |
|
|a грунты
|
| 610 |
1 |
|
|a обменные катионы
|
| 610 |
1 |
|
|a земляные полотна
|
| 610 |
1 |
|
|a автомобильные дороги
|
| 610 |
1 |
|
|a Западная Сибирь
|
| 700 |
|
1 |
|a Ефименко
|b С. В.
|
| 701 |
|
1 |
|a Чурилин
|b В. С.
|
| 701 |
|
1 |
|a Бадина
|b М. В.
|
| 702 |
|
1 |
|a Ефименко
|b В. Н.
|4 727
|
| 712 |
0 |
2 |
|a Томский государственный архитектурно-строительный университет (ТГАСУ)
|c (1997- )
|2 stltpush
|3 (RuTPU)RU\TPU\col\3
|
| 801 |
|
2 |
|a RU
|b 63413507
|c 20171201
|g RCR
|
| 856 |
4 |
|
|u http://earchive.tpu.ru/handle/11683/44395
|
| 942 |
|
|
|c BK
|